| 000 | 01192nam a22003497a 4500 | ||
|---|---|---|---|
| 003 | CHAP | ||
| 005 | 20220329133613.0 | ||
| 008 | 971013s1992 r 00010 d | ||
| 010 | _a8460 | ||
| 011 | _a9432 | ||
| 035 | _a8667 | ||
| 040 | _cCHAP | ||
| 090 | _aTesis | ||
| 100 | 0 | 0 |
_aAndres Agustin, Jorge. _95718 |
| 245 | _aEfecto de la acumulación de horas frío y la aplicación de giberelinas sobre la producción de estolones en fresa | ||
| 260 |
_aMontecillo, Méx. : _bEl autor, _c1992 |
||
| 300 |
_a93 h. _b: ilus. |
||
| 502 | _aTesis (M.C. Esp. en Fruticultura) -- C.P. Centro de Fruticultura | ||
| 590 |
_aALEPH _b10 _c20130110 _lUCH01 _h1223 |
||
| 590 |
_aBATCH-UPD _b10 _c20130110 _lUCH01 _h0331 |
||
| 590 |
_aBATCH-UPD _b10 _c20130110 _lUCH01 _h1851 |
||
| 590 |
_aBATCH-UPD _b10 _c20130410 _lUCH01 _h0004 |
||
| 590 |
_aBATCH-UPD _b10 _c20130914 _lUCH01 _h1436 |
||
| 590 |
_aCONVERSION _b10 _c20130109 _lUCH01 _h1306 |
||
| 650 | 1 | 4 |
_aFresa _xCrecimiento. _943197 |
| 650 | 1 | 4 |
_aFrío _xEfecto en fresa. _943531 |
| 650 | 1 | 4 |
_aGiberelinas. _947872 |
| 901 | _aBK | ||
| 942 | _cFOLL | ||
| 949 |
_bBC _cTES _d-18971 _eTS1 _h25796 _i8667 _si |
||
| 949 |
_bBC _cTES _d-18972 _eTS2 _fc.2 _h25797 _i8667 _si |
||
| 999 |
_c8460 _d8460 |
||